NBA Head Coaches - Statistics

General Stats
  • This quiz has been taken 103 times
  • The average score is 17 of 30
Answer Stats
Team Answer % Correct
Milwaukee Bucks Doc Rivers
90%
Golden State Warriors Steve Kerr
90%
LA Lakers JJ Redick
88%
Boston Celtics Joe Mazzulla
85%
San Antonio Spurs Gregg Popovich
83%
Dallas Mavericks Jason Kidd
81%
Denver Nuggets Michael Malone
78%
Miami Heat Erik Spoelstra
75%
New York Knicks Tom Thibodeau
75%
LA Clippers Tyronn Lue
71%
Philadelphia 76ers Nick Nurse
68%
Portland Trailblazers Chauncey Billups
61%
Houston Rockets Ime Udoka
61%
Indiana Pacers Rick Carlisle
59%
Sacramento Kings Mike Brown
56%
Atlanta Hawks Quin Snyder
56%
Phoenix Suns Mike Budenholzer
54%
Detroit Pistons J.B. Bickerstaff
53%
Chicago Bulls Billy Donovan
51%
Memphis Grizzlies Taylor Jenkins
51%
Minnesota Timberwolves Chris Finch
49%
Oklahoma City Thunder Mark Daigneault
49%
Cleveland Cavaliers Kenny Atkinson
42%
Brooklyn Nets Jordi Fernandez
32%
Orlando Magic Jamahl Mosley
31%
Charlotte Hornets Charles Lee
29%
New Orleans Pelicans Willie Green
29%
Utah Jazz Will Hardy
27%
Toronto Raptors Darko Rajokovic
15%
Washington Wizards Brian Keefe
10%
No matching quizzes found
Score Distribution
Percent of People with Each Score
Percentile by Number Answered
Your Score History
You have not taken this quiz